<?xml version="1.0" encoding="UTF-8"?>
<record
    xmlns:xsi="http://www.w3.org/2001/XMLSchema-instance"
    xsi:schemaLocation="http://www.loc.gov/MARC21/slim http://www.loc.gov/standards/marcxml/schema/MARC21slim.xsd"
    xmlns="http://www.loc.gov/MARC21/slim">

  <leader>01739cam a2200373 i 4500</leader>
  <controlfield tag="003">SA-RiAUC</controlfield>
  <controlfield tag="005">20260106142133.0</controlfield>
  <controlfield tag="008">251125s1969    ua     g d   f00010 ara c</controlfield>
  <datafield tag="024" ind1="0" ind2=" ">
    <subfield code="a">00000000020153</subfield>
  </datafield>
  <datafield tag="040" ind1=" " ind2=" ">
    <subfield code="a">SA-JeALM</subfield>
    <subfield code="b">ara</subfield>
    <subfield code="c">SA-RiAUC</subfield>
    <subfield code="d">AE-Fuphi</subfield>
    <subfield code="e">rda</subfield>
  </datafield>
  <datafield tag="050" ind1=" " ind2="4">
    <subfield code="b">.T3325 1969</subfield>
  </datafield>
  <datafield tag="082" ind1="0" ind2="4">
    <subfield code="a">189.1</subfield>
    <subfield code="q">SA-RiAUC</subfield>
  </datafield>
  <datafield tag="090" ind1=" " ind2=" ">
    <subfield code="a">189.1</subfield>
    <subfield code="b">&#x63A; &#x632; &#x627;</subfield>
  </datafield>
  <datafield tag="100" ind1="1" ind2=" ">
    <subfield code="a">&#x627;&#x644;&#x63A;&#x632;&#x627;&#x644;&#x64A;&#x60C; &#x645;&#x62D;&#x645;&#x62F; &#x628;&#x646; &#x645;&#x62D;&#x645;&#x62F; &#x628;&#x646; &#x645;&#x62D;&#x645;&#x62F;&#x60C;</subfield>
    <subfield code="c">&#x62D;&#x62C;&#x629; &#x627;&#x644;&#x625;&#x633;&#x644;&#x627;&#x645;&#x60C;</subfield>
    <subfield code="d">450-505 &#x647;&#x62C;&#x631;&#x64A;</subfield>
    <subfield code="e">&#x645;&#x624;&#x644;&#x641;.</subfield>
  </datafield>
  <datafield tag="245" ind1="1" ind2="0">
    <subfield code="a">&#x645;&#x646;&#x637;&#x642; &#x62A;&#x647;&#x627;&#x641;&#x62A; &#x627;&#x644;&#x641;&#x644;&#x627;&#x633;&#x641;&#x629;&#x60C; &#x627;&#x644;&#x645;&#x633;&#x645;&#x649;&#x60C; &#x645;&#x639;&#x64A;&#x627;&#x631; &#x627;&#x644;&#x639;&#x644;&#x645; /</subfield>
    <subfield code="c">&#x623;&#x628;&#x648; &#x62D;&#x627;&#x645;&#x62F; &#x645;&#x62D;&#x645;&#x62F; &#x628;&#x646; &#x645;&#x62D;&#x645;&#x62F; &#x628;&#x646; &#x645;&#x62D;&#x645;&#x62F; &#x628;&#x646; &#x623;&#x62D;&#x645;&#x62F; &#x627;&#x644;&#x637;&#x648;&#x633;&#x64A; &#x627;&#x644;&#x63A;&#x632;&#x627;&#x644;&#x64A; &#x61B; &#x62A;&#x62D;&#x642;&#x64A;&#x642; &#x627;&#x644;&#x62F;&#x643;&#x62A;&#x648;&#x631; &#x633;&#x644;&#x64A;&#x645;&#x627;&#x646; &#x62F;&#x646;&#x64A;&#x627;.</subfield>
  </datafield>
  <datafield tag="246" ind1="3" ind2="0">
    <subfield code="a">&#x645;&#x646;&#x637;&#x642; &#x62A;&#x647;&#x627;&#x641;&#x62A; &#x627;&#x644;&#x641;&#x644;&#x627;&#x633;&#x641;&#x629;</subfield>
  </datafield>
  <datafield tag="246" ind1="3" ind2="1">
    <subfield code="a">Mantiq tahafot al fal&#x101;sifa, miyar al ilm</subfield>
  </datafield>
  <datafield tag="246" ind1="3" ind2="3">
    <subfield code="a">&#x645;&#x639;&#x64A;&#x627;&#x631; &#x627;&#x644;&#x639;&#x644;&#x645;</subfield>
  </datafield>
  <datafield tag="250" ind1=" " ind2=" ">
    <subfield code="a">&#x627;&#x644;&#x637;&#x628;&#x639;&#x629; &#x627;&#x644;&#x62B;&#x627;&#x646;&#x64A;&#x629;.</subfield>
  </datafield>
  <datafield tag="264" ind1=" " ind2="1">
    <subfield code="a">&#x627;&#x644;&#x642;&#x627;&#x647;&#x631;&#x629; :</subfield>
    <subfield code="b">&#x62F;&#x627;&#x631; &#x627;&#x644;&#x645;&#x639;&#x627;&#x631;&#x641;&#x60C;</subfield>
    <subfield code="c">1969</subfield>
  </datafield>
  <datafield tag="300" ind1=" " ind2=" ">
    <subfield code="a">400 &#x635;&#x641;&#x62D;&#x629; &#x61B;</subfield>
    <subfield code="c">25 &#xD7; 18 &#x633;&#x645;.</subfield>
  </datafield>
  <datafield tag="336" ind1=" " ind2=" ">
    <subfield code="a">&#x646;&#x635;</subfield>
    <subfield code="b">txt</subfield>
    <subfield code="2">rdacontent</subfield>
    <subfield code="3">&#x643;&#x62A;&#x627;&#x628;</subfield>
  </datafield>
  <datafield tag="337" ind1=" " ind2=" ">
    <subfield code="a">&#x628;&#x62F;&#x648;&#x646; &#x648;&#x633;&#x64A;&#x637;</subfield>
    <subfield code="b">n</subfield>
    <subfield code="2">rdamedia</subfield>
  </datafield>
  <datafield tag="338" ind1=" " ind2=" ">
    <subfield code="a">&#x645;&#x62C;&#x644;&#x62F;</subfield>
    <subfield code="b">nc</subfield>
    <subfield code="2">rdacarrier</subfield>
  </datafield>
  <datafield tag="490" ind1="0" ind2=" ">
    <subfield code="a">&#x630;&#x62E;&#x627;&#x626;&#x631; &#x627;&#x644;&#x639;&#x631;&#x628; &#x61B;</subfield>
    <subfield code="v">32</subfield>
  </datafield>
  <datafield tag="500" ind1=" " ind2=" ">
    <subfield code="a">&#x62A;&#x648;&#x62C;&#x62F; &#x645;&#x644;&#x627;&#x62D;&#x638;&#x627;&#x62A; &#x645;&#x646; &#x627;&#x644;&#x634;&#x64A;&#x62E; &#x641;&#x64A; &#x62F;&#x627;&#x62E;&#x644; &#x627;&#x644;&#x643;&#x62A;&#x627;&#x628;.</subfield>
  </datafield>
  <datafield tag="650" ind1=" " ind2="7">
    <subfield code="a">&#x627;&#x644;&#x641;&#x644;&#x633;&#x641;&#x629; &#x627;&#x644;&#x625;&#x633;&#x644;&#x627;&#x645;&#x64A;&#x629;</subfield>
    <subfield code="2">aucsh</subfield>
  </datafield>
  <datafield tag="650" ind1=" " ind2="7">
    <subfield code="a">&#x627;&#x644;&#x645;&#x646;&#x637;&#x642;</subfield>
    <subfield code="2">aucsh</subfield>
  </datafield>
  <datafield tag="650" ind1=" " ind2="7">
    <subfield code="a">&#x627;&#x644;&#x627;&#x633;&#x62A;&#x62F;&#x644;&#x627;&#x644;</subfield>
    <subfield code="2">aucsh</subfield>
  </datafield>
  <datafield tag="700" ind1="1" ind2=" ">
    <subfield code="a">&#x62F;&#x646;&#x64A;&#x627;&#x60C; &#x633;&#x644;&#x64A;&#x645;&#x627;&#x646;&#x60C;</subfield>
    <subfield code="d">1910-1988</subfield>
    <subfield code="e">&#x645;&#x62D;&#x642;&#x642;.</subfield>
  </datafield>
  <datafield tag="700" ind1="1" ind2="2">
    <subfield code="i">&#x62A;&#x62D;&#x642;&#x64A;&#x642; &#x644;&#x640; (&#x639;&#x645;&#x644;) :</subfield>
    <subfield code="a">&#x627;&#x644;&#x63A;&#x632;&#x627;&#x644;&#x64A;&#x60C; &#x645;&#x62D;&#x645;&#x62F; &#x628;&#x646; &#x645;&#x62D;&#x645;&#x62F; &#x628;&#x646; &#x645;&#x62D;&#x645;&#x62F;&#x60C;</subfield>
    <subfield code="c">&#x62D;&#x62C;&#x629; &#x627;&#x644;&#x625;&#x633;&#x644;&#x627;&#x645;&#x60C;</subfield>
    <subfield code="d">450-505 &#x647;&#x62C;&#x631;&#x64A;.</subfield>
    <subfield code="t">&#x62A;&#x647;&#x627;&#x641;&#x62A; &#x627;&#x644;&#x641;&#x644;&#x627;&#x633;&#x641;&#x629;</subfield>
  </datafield>
  <datafield tag="942" ind1=" " ind2=" ">
    <subfield code="2">ddc</subfield>
    <subfield code="c">BOOK</subfield>
    <subfield code="n">0</subfield>
  </datafield>
  <datafield tag="949" ind1=" " ind2=" ">
    <subfield code="a">SA-JeALM</subfield>
    <subfield code="d">251125</subfield>
    <subfield code="u">mohamedma123</subfield>
    <subfield code="n">1</subfield>
  </datafield>
  <datafield tag="952" ind1=" " ind2=" ">
    <subfield code="0">0</subfield>
    <subfield code="1">0</subfield>
    <subfield code="2">ddc</subfield>
    <subfield code="4">0</subfield>
    <subfield code="7">0</subfield>
    <subfield code="8">Note</subfield>
    <subfield code="a">WAHAB</subfield>
    <subfield code="b">WAHAB</subfield>
    <subfield code="d">2026-01-06</subfield>
    <subfield code="l">0</subfield>
    <subfield code="o">189.1 &#x63A; &#x632; &#x627;</subfield>
    <subfield code="p">000022249</subfield>
    <subfield code="r">2026-01-06 14:22:20</subfield>
    <subfield code="w">2026-01-06</subfield>
    <subfield code="y">BOOK</subfield>
  </datafield>
  <datafield tag="999" ind1=" " ind2=" ">
    <subfield code="c">13938</subfield>
    <subfield code="d">13938</subfield>
  </datafield>
</record>
